Cleveland Cavaliers 2017-18 Most Games Leading Team in Scoring - Statistics

General Stats
  • This quiz has been taken 118 times
  • The average score is 5 of 9
Answer Stats
Player Games % Correct
LeBron James 63
100%
Kevin Love 13
97%
J.R. Smith 1
86%
Isaiah Thomas 3
64%
George Hill 1
45%
Jordan Clarkson 1
43%
Kyle Korver 1
41%
Jeff Green 1
29%
John Holland 1
6%
No matching quizzes found
Score Distribution
Percent of People with Each Score
Percentile by Number Answered
Your Score History
You have not taken this quiz